|
|
|
|
| LEADER |
00000caa a22000002c 4500 |
| 001 |
1640059016 |
| 003 |
DE-627 |
| 005 |
20220608130959.0 |
| 007 |
tu |
| 008 |
160223s1992 xx ||||| 00| ||eng c |
| 035 |
|
|
|a (DE-627)1640059016
|
| 035 |
|
|
|a (DE-576)456042768
|
| 035 |
|
|
|a (DE-599)BSZ456042768
|
| 040 |
|
|
|a DE-627
|b ger
|c DE-627
|e rakwb
|
| 041 |
|
|
|a eng
|
| 100 |
1 |
|
|a Coates, Thomas J.
|4 aut
|
| 245 |
1 |
0 |
|a Prevención del SIDA logros y prioridades ¶102 Prevención del SIDA - logros y prioridades
|c Thomas J. Coates
|
| 264 |
|
1 |
|c 1992
|
| 336 |
|
|
|a Text
|b txt
|2 rdacontent
|
| 337 |
|
|
|a ohne Hilfsmittel zu benutzen
|b n
|2 rdamedia
|
| 338 |
|
|
|a Band
|b nc
|2 rdacarrier
|
| 773 |
0 |
8 |
|i In
|a Revista Latinoamericana de Psicologia
|g 24(1992), 1/2, Seite 17-34
|
| 773 |
1 |
8 |
|g volume:24
|g year:1992
|g number:1/2
|g pages:17-34
|
| 935 |
|
|
|a mkri
|
| 951 |
|
|
|a AR
|
| ELC |
|
|
|b 1
|
| LOK |
|
|
|0 000 xxxxxcx a22 zn 4500
|
| LOK |
|
|
|0 001 3301333826
|
| LOK |
|
|
|0 003 DE-627
|
| LOK |
|
|
|0 004 1640059016
|
| LOK |
|
|
|0 005 20160223101055
|
| LOK |
|
|
|0 008 160208||||||||||||||||ger|||||||
|
| LOK |
|
|
|0 040
|a DE-21-110
|c DE-627
|d DE-21-110
|
| LOK |
|
|
|0 689
|a s
|a Depression
|
| LOK |
|
|
|0 689
|a s
|a Ältere Menschen
|
| LOK |
|
|
|0 852
|z Kein Bestand am IfK; Nachweis für KrimDok
|
| LOK |
|
|
|0 852
|a DE-21-110
|
| LOK |
|
|
|0 852 1
|m v
|9 00
|
| LOK |
|
|
|0 935
|a k110
|
| LOK |
|
|
|0 938
|k v
|
| LOK |
|
|
|0 939
|a 08-02-16
|b l01
|
| ORI |
|
|
|a SA-MARC-krimdoka001.raw
|